[Event "ISR-chT"]
[Site "Ramat Aviv"]
[Date "2000.03.10"]
[Round "5"]
[White "Manor, Ilan"]
[Black "Zilberman, Yaacov"]
[Result "1/2-1/2"]
[WhiteElo "2504"]
[BlackElo "2505"]
[PlyCount "97"]
[EventDate "2000.01.14"]
[Source "ChessBase"]
[SourceDate "2000.07.27"]

1. d4 d5 2. c4 dxc4 3. Nf3 Nf6 4. Nc3 a6 5. e4 b5 6. e5 Nd5 7. Ng5 f6 8. Nge4 Nc6 9. Be2 Ndb4 10. a3 Nd3+ 11. Bxd3 cxd3 12. O-O f5 13. Ng5 Nxd4 14. Qxd3 e6 15. Ne2 c5 16. Rd1 Be7 17. Nxd4 cxd4 18. Qf3 Ra7 19. Qh5+ g6 20. Qh6 Bf8 21. Qh4 Rd7 22. Qg3 Rd5 23. h4 Qd7 24. Bf4 Bb7 25. Rac1 Be7 26. Nf3 Bd8 27. Bg5 O-O 28. h5 Qg7 29. Rxd4 Bxg5 30. Qxg5 gxh5 31. Rxd5 Bxd5 32. Rc7 Qg6 33. Qxg6+ hxg6 34. Ng5 f4 35. Nh7 Rf5 36. Nf6+ Kf8 37. Ra7 h4 38. f3 h3 39. Kh2 hxg2 40. Kxg2 Rg5+ 41. Kf2 Rg3 42. Nxd5 exd5 43. Rxa6 Rh3 44. Rf6+ Ke7 45. Rxf4 Rh2+ 46. Ke3 Rxb2 47. Rf6 g5 48. Rg6 Rb3+ 49. Kd4 1/2-1/2

[Event "Israel"]
[Site "?"]
[Date "2000.??.??"]
[Round "?"]
[White "Kantsler, B."]
[Black "Zilberman, Y."]
[Result "1/2-1/2"]
[WhiteElo "2520"]
[BlackElo "2485"]
[PlyCount "55"]
[EventDate "2000.??.??"]
[Source "Chess Informant"]
[SourceDate "2000.10.01"]

1. d4 d5 2. c4 dxc4 3. Nf3 Nf6 4. Nc3 a6 5. e4 b5 6. e5 Nd5 7. a4 e6 8. axb5 Nb6 9. Be3 Bb7 10. bxa6 Rxa6 11. Rc1 Nc6 12. Nd2 Na5 13. b3 Ba3 14. bxc4 Bxc1 15. Qxc1 Ra8 16. Be2 Nc6 17. Nb3 Ne7 18. O-O h6 19. Bd3 O-O 20. Nc5 Bc6 21. Ne2 Nd7 22. Nxd7 Qxd7 23. Ng3 f5 24. exf6 Rxf6 25. Rd1 Rd8 26. Bb1 Rb8 27. Rd2 Ba8 28. h3 1/2-1/2

[Event "AUT-chT 9899"]
[Site "Austria"]
[Date "1999.??.??"]
[Round "1"]
[White "Hertneck, Gerald"]
[Black "Mohr, Georg"]
[Result "0-1"]
[WhiteElo "2550"]
[BlackElo "2455"]
[PlyCount "132"]
[EventDate "1998.??.??"]
[Source "www.chesslib.no"]
[SourceDate "2004.05.04"]

1. d4 d5 2. c4 dxc4 3. Nf3 Nf6 4. Nc3 a6 5. e4 b5 6. e5 Nd5 7. a4 e6 8. axb5 Bb4 9. Bd2 Nb6 10. bxa6 Rxa6 11. Be2 O-O 12. O-O Bb7 13. Be3 Rxa1 14. Qxa1 Nc6 15. Qb1 Ne7 16. Ng5 Ng6 17. f4 Nd5 18. Nxd5 Qxd5 19. Bf3 Qb5 20. f5 exf5 21. Qxf5 Be7 22. Bxb7 Bxg5 23. Bxg5 Qxb7 24. e6 f6 25. Bc1 Re8 26. Kh1 Qc6 27. d5 Qd6 28. Qe4 c6 29. dxc6 Qxe6 30. Qxe6+ Rxe6 31. c7 Rc6 32. Bf4 Nxf4 33. Rxf4 Rxc7 34. Kg1 Kf7 35. Re4 f5 36. Re2 Kf6 37. Kf2 Rb7 38. Rc2 Rb4 39. Kf3 g5 40. h3 Ke5 41. Re2+ Kd5 42. Rd2+ Kc5 43. Ke2 Rb3 44. Kd1 Rd3 45. Rxd3 cxd3 46. Kd2 Kd4 47. b3 h6 48. b4 Kc4 49. b5 Kxb5 50. Kxd3 Kc5 51. Kc3 Kd5 52. Kd3 f4 53. Ke2 Ke4 54. Kf2 h5 55. Ke2 g4 56. hxg4 hxg4 57. Kd2 Kd4 58. Ke2 Kc3 59. g3 f3+ 60. Ke3 f2 61. Kxf2 Kd2 62. Kf1 Ke3 63. Kg2 Ke2 64. Kg1 Kf3 65. Kh2 Kf2 66. Kh1 Kxg3 0-1

[Event "Oberwart op"]
[Site "Oberwart"]
[Date "1996.??.??"]
[Round "2"]
[White "Landa, Konstantin"]
[Black "Sulava, Nenad"]
[Result "1-0"]
[WhiteElo "2570"]
[BlackElo "2430"]
[PlyCount "89"]
[EventDate "1996.07.??"]
[Source "www.chesslib.no"]
[SourceDate "2004.05.04"]

1. d4 d5 2. Nf3 Nf6 3. c4 dxc4 4. Nc3 a6 5. e4 b5 6. e5 Nd5 7. a4 e6 8. axb5 Nb6 9. Be2 Bb7 10. O-O Be7 11. Be3 O-O 12. bxa6 Rxa6 13. Rc1 Nc6 14. b3 cxb3 15. Qxb3 Ra3 16. Qb1 Nb4 17. Nb5 Ra2 18. Rfe1 Rxe2 19. Rxe2 Ba6 20. Rb2 Bxb5 21. Rxb4 Bxb4 22. Ng5 Re8 23. Qxh7+ Kf8 24. Ne4 Bd3 25. Qh8+ Ke7 26. Bg5+ Kd7 27. Qh3 Bxe4 28. Bxd8 Rxd8 29. Qg4 Bg6 30. h4 Rh8 31. Qe2 Nd5 32. Qb5+ Ke7 33. Ra1 f5 34. Ra4 Bd2 35. Qc5+ Kf7 36. Ra6 Re8 37. Rxe6 Kxe6 38. Qc6+ Kf7 39. Qxd5+ Kf8 40. Qc6 Bf7 41. Qxc7 Bb4 42. Qd7 Bc3 43. Qc6 Bd2 44. Qc2 Bb4 45. Qxf5 1-0

[Event "RUS-ch"]
[Site "Elista"]
[Date "1995.??.??"]
[Round "10"]
[White "Zakharevich, Igor"]
[Black "Yakovich, Yuri"]
[Result "1/2-1/2"]
[WhiteElo "2430"]
[BlackElo "2560"]
[PlyCount "102"]
[EventDate "1995.10.??"]
[Source "ChessBase"]

1. d4 d5 2. Nf3 Nf6 3. c4 dxc4 4. Nc3 a6 5. e4 b5 6. e5 Nd5 7. a4 Nxc3 8. bxc3 Qd5 9. g3 Bb7 10. Bg2 Qd7 11. Nh4 Bxg2 12. Nxg2 b4 13. O-O e6 14. Nf4 Nc6 15. Qe2 bxc3 16. Be3 Na5 17. Rad1 c6 18. Qc2 Bb4 19. Nh5 O-O-O 20. Nf4 Nb3 21. Qe2 Nd2 22. Bxd2 cxd2 23. Qxc4 a5 24. Nd3 Qxd4 25. Qxc6+ Kb8 26. Nxb4 axb4 27. Qb5+ Ka8 28. Qa5+ Qa7 29. Qxb4 Rd4 30. Qc3 Rhd8 31. Rb1 Qa6 32. Rfd1 Rd3 33. Qc7 R3d7 34. Rb8+ Rxb8 35. Qxd7 Rb2 36. Rxd2 Rxd2 37. Qxd2 Qxa4 38. Qg5 Qd1+ 39. Kg2 Qd5+ 40. f3 g6 41. Qf4 Qb7 42. g4 Qc7 43. Qh6 Qxe5 44. Qf8+ Kb7 45. Qxf7+ Kc6 46. Qxh7 Qe2+ 47. Kg3 Qe5+ 48. Kh3 Qf6 49. Kg2 Qb2+ 50. Kf1 Qa1+ 51. Ke2 Qe5+ 1/2-1/2

[Event "Budapest Herbstlich"]
[Site "Budapest"]
[Date "1990.??.??"]
[Round "11"]
[White "Lukacs, Peter"]
[Black "Fominyh, Alexander"]
[Result "0-1"]
[WhiteElo "2460"]
[BlackElo "2530"]
[PlyCount "81"]
[EventDate "1990.09.??"]
[Source "ChessBase"]

1. d4 d5 2. c4 dxc4 3. Nf3 Nf6 4. Nc3 a6 5. e4 b5 6. e5 Nd5 7. a4 e6 8. axb5 Bb4 9. Bd2 Nb6 10. Ne4 Qd5 11. Ng3 Bxd2+ 12. Qxd2 axb5 13. Rxa8 Qxa8 14. Be2 Nc6 15. O-O h6 16. Nh5 Rg8 17. b3 Qa5 18. Qc2 c3 19. Bd3 Nd5 20. Bh7 Rh8 21. Nxg7+ Kf8 22. Nh5 Ncb4 23. Qe4 c6 24. Ne1 Qc7 25. Nf6 Nxf6 26. exf6 Nd5 27. Qc2 Nxf6 28. Bd3 b4 29. Bc4 c5 30. dxc5 Bb7 31. Qe2 Ne4 32. Nf3 Rg8 33. Qe3 Nd2 34. Qxh6+ Ke7 35. Qh4+ Kf8 36. Qh6+ Ke8 37. Bb5+ Bc6 38. Ra1 Nxf3+ 39. Kh1 Bxb5 40. Ra8+ Kd7 41. Rxg8 0-1

[Event "Dos Hermanas op"]
[Site "Dos Hermanas"]
[Date "2000.04.14"]
[Round "8"]
[White "Komljenovic, Davor"]
[Black "Cifuentes Parada, Roberto"]
[Result "0-1"]
[WhiteElo "2506"]
[BlackElo "2483"]
[PlyCount "50"]
[EventDate "2000.04.??"]
[Source "ChessBase"]
[SourceDate "2000.05.11"]

1. d4 d5 2. c4 dxc4 3. Nf3 Nf6 4. Nc3 a6 5. e4 b5 6. e5 Nd5 7. a4 Nxc3 8. bxc3 Bb7 9. Be2 e6 10. O-O Be7 11. Ba3 Bd5 12. Nd2 O-O 13. f4 c5 14. Bf3 b4 15. Bc1 cxd4 16. Nxc4 Bxc4 17. Bxa8 Bxf1 18. Qxf1 dxc3 19. Be3 Nd7 20. Bf3 a5 21. Qb5 Qc7 22. Bc6 Rb8 23. Qa6 Bc5 24. Re1 Bxe3+ 25. Rxe3 Nc5 0-1

[Event "Ch"]
[Site "Briansk"]
[Date "1984.??.??"]
[Round "?"]
[White "Tunik, Gennady"]
[Black "Lutikov, Anatoly S"]
[Result "1-0"]
[WhiteElo "2470"]
[BlackElo "2515"]
[PlyCount "65"]
[EventDate "1984.??.??"]
[Source "www.chesslib.no"]
[SourceDate "2004.05.04"]

1. d4 d5 2. Nf3 Nf6 3. c4 dxc4 4. Nc3 a6 5. e4 b5 6. e5 Nd5 7. a4 Nxc3 8. bxc3 Bb7 9. g3 e6 10. Bg2 Be7 11. Nh4 Bxg2 12. Nxg2 Nd7 13. Qg4 g6 14. Qe4 Rb8 15. axb5 axb5 16. Rb1 b4 17. cxb4 Bxb4+ 18. Ke2 O-O 19. Bh6 Re8 20. Ne3 c3 21. h4 Qc8 22. f4 Qa6+ 23. Kf3 c5 24. Ra1 Qb7 25. Qxb7 Rxb7 26. d5 f6 27. Nc4 exd5 28. Nd6 fxe5 29. Nxe8 c4 30. fxe5 Nxe5+ 31. Kg2 Kf7 32. Rae1 Re7 33. Nc7 1-0

[Event "ECC"]
[Site "Rethymnon"]
[Date "2003.10.02"]
[Round "5"]
[White "Timoscenko, Genadij"]
[Black "Meins, Gerlef"]
[Result "1/2-1/2"]
[WhiteElo "2530"]
[BlackElo "2454"]
[PlyCount "134"]
[EventDate "2003.09.28"]
[Source "Roberto Alvarez"]
[SourceDate "2003.10.06"]

1. d4 d5 2. Nf3 Nf6 3. c4 dxc4 4. Nc3 a6 5. e4 b5 6. e5 Nd5 7. a4 e6 8. axb5 Nb6 9. Be3 axb5 10. Rxa8 Nxa8 11. Nxb5 Nb6 12. Be2 Ba6 13. Nc3 Be7 14. O-O O-O 15. Qc2 Nc6 16. Qe4 Nb4 17. Qg4 Kh8 18. Qh5 f6 19. exf6 gxf6 20. Nd2 Nc2 21. Qa5 Bb7 22. Bf3 Bxf3 23. Nxf3 Rg8 24. Rc1 Nxe3 25. fxe3 Nd5 26. Nd1 Qa8 27. Qxa8 Rxa8 28. Nd2 Nb6 29. Kf1 Ra4 30. b3 cxb3 31. Rxc7 Nd5 32. Rb7 Bd6 33. h3 Ra2 34. Nxb3 f5 35. g4 f4 36. exf4 Bxf4 37. Nc5 Rd2 38. Rb1 Rxd4 39. Nxe6 Rxd1+ 40. Rxd1 Ne3+ 41. Ke2 Nxd1 42. Kxd1 Bd6 43. Ke2 Kg8 44. Kf3 Kf7 45. Nf4 Be7 46. Ke4 Bh4 47. Kf5 Be1 48. Ne6 Bf2 49. Ng5+ Kg7 50. Nf3 Bg3 51. h4 Bf2 52. h5 Be3 53. Ne5 Bd2 54. Nc4 Bc3 55. Nd6 Bb2 56. g5 Bc3 57. Ne8+ Kf7 58. Nd6+ Kg7 59. h6+ Kg8 60. Ne4 Bb2 61. Ke6 Bc1 62. Ke7 Ba3+ 63. Ke8 Bc1 64. Ke7 Ba3+ 65. Ke6 Bc1 66. Kf6 Bb2+ 67. Kf5 Bc1 1/2-1/2